000 00411nam a2200157Ia 4500
008 240729s9999 xx 000 0 und d
022 _a2813-5563
245 0 _aFrontiers in Cell Death
260 _aSwitzerland
260 _bFrontiers Media S.A.
650 _a Biology (General)
650 _aScience
856 _uhttps://doaj.org/toc/cbe974625d424aada6873b5bac09aeb4
942 _2ddc
942 _cDOAJEJ
999 _c74615
_d74615
945 _a1
_bMadushi Gamage
_c1
_dMadushi Gamage